00922cam a22002411 450000100060000000300080000600500170001400800410003103500190007203500180009104000630010904100080017208200240018010000520020424500920025626000680034830000380041650400370045465000250049194200120051699900170052895201350054514520BD-RjUL20211208235637.0140206r19581957enka b 001 0 eng c a(BD-RjUL)14572 a(OCoLC)765905 aPurdue Univ. LibrarycOWibfCdOCoLCdUkdDLCdBD-RjULbeng aeng a543.4bMIP 19582231 aMilner, G. W. C.q(George William Colin)94528404aThe principles and applications of polarography and other electroanalytical processes / aLondon ;aNew York :bLongmans, Green ,c1957 [impression 1958] axxvii, 728 p. :billus. ;c23 cm. aIncludes bibliography and index. 0aPolarography.945285 2ddccBK c14520d14520 00102ddc40718NFICaRUCLbRUCLcReadingd2021-12-08eColombo plan l0o543.4 MIP 1958r2014-02-06 00:00:00tC-1w2021-12-08yBK